01035 2200325 4500001002100000005001500021035002500036008004100061020002200102040001700124082001900141084002400160100001400184245013700198250002400335260003100359300005400390650002800444700002400472700002500496700001800521850001200539007000300551041001300554490002100567546006700588990001800655990001800673990001800691INLIS00000000000597220211001094401 a0010-061500000000093150603s2013 jkia a ind d a978-602-252-051-1 aYOPDYOGbind04223a808.899282 aKR 808.899282 AWD e1 aAwdry, W.10aEnsiklopedia Thomas & Friends /cpenulis, W. Awdry; penerjemah, Devri Barnadi Putra; penyunting, Tessa Febiani, Dwi Kartika Wardhani aCetakan kedua, 20133 aJakarta :bErlangga,c2013 a96 halaman :bilustrasi berwarna, gambar ;c28 cm 4aAnak--xBuku dan bacaan0 aDevri Barnadi Putra0 aDwi Kartika Wardhani0 aTessa Febiani aYOPDYOGta1 aindheng aThomas & Friends aTeks dalam Bahasa Indonesia, diterjemahkan dari Bahasa Inggris a18912-PD/B.15 a18913-PD/B.15 a18914-PD/B.15